000
00322nam a2200109Ia 4500
008
171211s9999 xx 000 0 und d
245
_a
Artistic Wildlife Projects for the Scroll Saw
245
_c
Marilyn Carmin
260
_c
2004
650
_x
Family and Friendship
856
_u
http://down.ebook777.com/065/1565232240.pdf
999
_c
350258
_d
350258